Normal view MARC view
  • Urdu Literature- Drame

Entry Topical Term

Number of records used in: 3

001 - CONTROL NUMBER

  • control field: 3144

003 - CONTROL NUMBER IDENTIFIER

  • control field: NUST

005 - DATE AND TIME OF LATEST TRANSACTION

  • control field: 20170704103937.0

008 - FIXED-LENGTH DATA ELEMENTS

  • fixed length control field: 170704|| aca||aabn | a|a d

040 ## - CATALOGING SOURCE

  • Original cataloging agency: NUST
  • Transcribing agency: NUST

150 ## - HEADING--TOPICAL TERM

  • Topical term or geographic name entry element: Urdu Literature- Drame

670 ## - SOURCE DATA FOUND

  • Source citation: Work cat.: (NUST)0: Amjad, Amjad Islām, 1944- 1998, Vaqt :, 1993.
© 2023 Central Library, National University of Sciences and Technology. All Rights Reserved.